European Countries With the Most Glasses Wearers - Statistics

General Stats
  • This quiz has been taken 21 times
    10 since last reset
  • The average score is 7 of 9
Answer Stats
% Country % Correct
64 Germany
100%
70 Belgium
89%
65 Finland
89%
66 Norway
89%
69 Denmark
78%
68 Switzerland
78%
61 Czech Republic
56%
60 Slovenia
56%
70 North Macedonia
44%
No matching quizzes found
Score Distribution
Percent of People with Each Score
Percentile by Number Answered
Your Score History
You have not taken this quiz since the last reset